Zahraj si so mnou

Bibliographic Details
Main Author: (eť) (Author)
Format: Article
Language:Slovak
Subjects:

MARC

LEADER 00000nab a2200000 a 4500
001 vtls000136491
003 SK-MaSNL
005 20260303025536.0
008 111104c1982 xo 0 slo
015 |a SNBRB19rr/mm-uuuuu 
035 |a CL0146597 
040 |a SNKBUCL  |b slo  |c SNKBUCL  |e AACR2 
041 0 |a slo 
044 |a xo  |c SK 
080 |a 885.4-3  |2 1981 
100 1 |a (eť)  |4 aut  |9 839514 
245 1 0 |a Zahraj si so mnou  |c (eť) ; Helena Suková 
650 0 7 |a miniatúry prozaické  |2 snkbucl  |9 893925 
655 7 |a články z novín a časopisov  |2 snkbucl  |9 267496 
655 7 |a články z odboru literárna veda a krásna literatúra  |2 snkbucl  |9 770045 
773 0 |t Slovenka  |g Roč. 34, č. 49 (1982), s. 22 
850 |a Slovenská národná knižnica v Martine  |a MTA001 
852 |a SNK  |b KIS3GCP 
958 |a RK 
958 |a LX 
992 |a RBX 
999 |c 1647005  |d 1648935